Maestros bajo control : clientelismo político en la Coordinadora Nacional de Trabajadores de la Educación (CNTE) : reportaje /

Bibliographic Details
Main Author: Sánchez Cervantes, Alberto (Author)
Format: Electronic eBook
Language:Spanish
Published: Buenos Aires : Sb Editorial, [2024]
Subjects:
Online Access:Digitalia Hispánica

MARC

LEADER 00000nam a2200000 i 4500
001 DIGSBED0173
003 NyNyDIG
007 cr |||||||||||
008 251002s2024 ag ob 000 0 spa d
006 m o d
035 |a (OCoLC)1545266002 
040 |a DGITA  |b eng  |e rda  |e pn  |c DGITA 
020 |z 9786316593634 
043 |a n-mx--- 
050 1 4 |a LB2844.53.M6 ebook 
100 1 |a Sánchez Cervantes, Alberto,  |e author. 
245 1 0 |a Maestros bajo control :  |b clientelismo político en la Coordinadora Nacional de Trabajadores de la Educación (CNTE) : reportaje /  |c Alberto Sánchez Cervantes. 
264 1 |a Buenos Aires :  |b Sb Editorial,  |c [2024] 
300 |a 1 online resource :  |b illustrations. 
336 |a text  |b txt  |2 rdacontent 
337 |a computer  |b c  |2 rdamedia 
338 |a online resource  |b cr  |2 rdacarrier 
347 |a text file  |2 rdaft 
347 |b PDF 
504 |a Includes bibliographical references. 
588 0 |a Online resource; title from PDF title page (Digitalia, viewed October 2, 2025) 
610 2 0 |a Coordinadora Nacional de Trabajadores de la Educación (Mexico) 
650 0 |a Teachers' unions  |x Political activity  |z Mexico. 
650 0 |a Teachers' unions  |z Mexico. 
791 2 |a Digitalia (Firm),  |e distributor. 
793 0 |g Digitalia eBook Collection:  |a Sb Editorial 
776 0 8 |i Print version:  |a Sánchez Cervantes, Alberto.  |t Maestros bajo control.  |b 1a edición.  |d Buenos Aires : Sb Editorial, [2024]  |z 9786316593634 
856 4 0 |3 Digitalia Hispánica  |u https://www.digitaliapublishing.com/a/180293/ 
910 |a Premium collection: 2025